I cercatori di oblio /

Guardat en:
Dades bibliogràfiques
Autor principal: Eberhardt, Isabelle (Autor)
Altres autors: Abate, Anna, (1962- ), Žmegač, Viktor, Formichi, Fabio, Bartsch, Kurt
Format: Llibre
Idioma:italià
Publicat: \Roma! : Savelli, \1981!
Col·lecció:Il labirinto ; 18
Etiquetes: Afegir etiqueta
Sense etiquetes, Sigues el primer a etiquetar aquest registre!

MARC

LEADER 00000nam a22000007i 4500
001 IT\ICCU\FER\0025511
003 ItRI
005 20260115232310.0
008 900619s1981 it |||||| ||||| |||||c
040 |b ita  |c importazione bologna sebina 
041 7 |a ita  |2 ISO-639-2 
100 1 |a Eberhardt, Isabelle  |0 IT\ICCU\RAVV\031110  |4 aut 
245 1 2 |a I cercatori di oblio /  |c Isabelle Eberhardt ; traduzione e cura di Anna Abate e Fabio Formichi. 
260 |a \Roma! :  |b Savelli,  |c \1981! 
300 |a 94 p., 4 c. di tav. ;  |c 18 cm. 
500 |a curatore  |0 IT\ICCU\CFIV\116740 
700 1 |a Abate, Anna,  |d  (1962- )  |0 IT\ICCU\BVEV\172493 
700 1 |a Žmegač, Viktor  |0 IT\ICCU\CFIV\116740 
700 1 |a Formichi, Fabio  |0 IT\ICCU\TO0V\182731 
700 1 |a Bartsch, Kurt  |0 IT\ICCU\VEAV\006811 
830 3 |a Il labirinto ;  |v 18  |0 IT\ICCU\RAV\0050890 
942 |2 ddc  |c BK  |n 0 
952 |0 0  |1 0  |4 0  |6 DOC_833_000000000000000_EBE  |7 0  |9 23782  |a BO  |b BO  |d 2026-01-15  |i 4761  |l 0  |o DOC 833 EBE  |p BO4761  |r 2026-01-15 23:23:10  |w 2026-01-15  |x [Sebina 5] [1 v.]  |y BK  |z 1 v. 
999 |c 20256  |d 20256